|
|
|
|
| LEADER |
00000nab a2200000 a 4500 |
| 001 |
vtls000067228 |
| 003 |
SK-MaSNL |
| 005 |
20260304073834.0 |
| 008 |
250423c1980 xo 0 slo |
| 015 |
|
|
|a SNBRB19rr/mm-uuuuu
|
| 035 |
|
|
|a CL0077328
|
| 035 |
|
|
|a urn:nbn:sk:snk-abb940
|
| 035 |
|
|
|a (urnnbn)urn:nbn:sk:snk:ar-0002yv
|
| 035 |
|
|
|a (uuid)7f5de5b5-c30a-451f-a4e5-79c135c7d5fe
|
| 040 |
|
|
|a SNKBUCL
|b slo
|c SNKBUCL
|e AACR2
|
| 041 |
0 |
|
|a slo
|
| 044 |
|
|
|a xo
|c SK
|
| 080 |
|
|
|a 82.09:82.06:820/89 (100)-2(048)
|2 1981
|
| 080 |
|
|
|a 82.06
|2 1981
|
| 080 |
|
|
|a 820/89 (100)-2(048)
|2 1981
|
| 100 |
1 |
|
|a Bednárová, Katarína,
|d 1954-
|4 aut
|9 156018
|
| 245 |
1 |
0 |
|a Dramatický text Jozefa Mistríka
|c Katarína Bednárová
|
| 650 |
0 |
7 |
|a dráma
|2 snkbucl
|9 1489
|
| 650 |
0 |
7 |
|a divadlo
|2 snkbucl
|9 3335
|
| 650 |
0 |
7 |
|a dramatický text
|2 snkbucl
|9 366176
|
| 650 |
0 |
7 |
|a výrazové prostriedky
|2 snkbucl
|9 737798
|
| 650 |
0 |
7 |
|a dramatické žánre
|2 snkbucl
|9 106244
|
| 650 |
0 |
7 |
|a monografie
|2 snkbucl
|9 256509
|
| 655 |
|
7 |
|a recenzie
|2 snkbucl
|9 21907
|
| 655 |
|
7 |
|a články z novín a časopisov
|2 snkbucl
|9 267496
|
| 655 |
|
7 |
|a články z odboru literárna veda a krásna literatúra
|2 snkbucl
|9 770045
|
| 773 |
0 |
|
|t Romboid
|g Roč. 15, č. 8 (1980), s. 72-74
|
| 787 |
0 |
8 |
|i Rec.:
|a Mistrík, Jozef
|t Dramatický text
|d Bratislava : Slovenské pedagogické nakladateľstvo, 1979
|
| 850 |
|
|
|a Slovenská národná knižnica
|
| 852 |
|
|
|a Slovenská národná knižnica
|
| 958 |
|
|
|a article15
|
| 958 |
|
|
|a RK
|
| 958 |
|
|
|a LX
|
| 958 |
|
|
|a OND
|
| 958 |
|
|
|a EUIPO
|
| 992 |
|
|
|a RBX
|
| 999 |
|
|
|c 2773521
|d 2775451
|